[Event "4NCL Online Division 3"]
[Site "online"]
[Date "2021.04.20"]
[EventDate "2021.04.20"]
[Round "7.124"]
[White "Foran, Barry"]
[WhiteElo "1599"]
[WhiteTeam "Cork"]
[Black "Khan, Samir"]
[BlackElo "1664"]
[BlackTeam "MCS Oxford A"]
[Result "0-1"]
[PlyCount "90"]

1. d4 e6 2. e4 Nf6 3. Nc3 d5 4. Bd3 c5 5. Be3 Nc6 6. Bb5 Bd7 7. Bxc6 Bxc6 8. exd5 Nxd5 9. Nxd5 Bxd5 10. Nf3 cxd4 11. Bxd4 Bxf3 12. gxf3 Qc7 13. Qe2 Qa5+ 14. c3 Qg5 15. h4 Qf5 16. O-O-O Bd6 17. Be3 Bf4 18. Rd4 Bxe3+ 19. fxe3 O-O 20. Rhd1 Qf6 21. Rf4 Qe7 22. Rfd4 Qf6 23. Qg2 Rad8 24. Qg4 Rxd4 25. exd4 Rd8 26. Qe4 b6 27. Rg1 h6 28. h5 Rd5 29. Rh1 Qg5+ 30. f4 Qg3 31. a3 Rf5 32. Qe1 Qxf4+ 33. Kc2 Qg4 34. Kb3 Rxh5 35. Rg1 Qf3 36. Rf1 Qd5+ 37. Kc2 Rh2+ 38. Kb1 Qg2 39. Qc1 h5 40. Rd1 h4 41. Rg1 Qe4+ 42. Ka2 Qd5+ 43. Ka1 h3 44. Qf1 Rg2 45. Rh1 h2 0-1

[Event "4NCL Online Division 3"]
[Site "online"]
[Date "2021.04.20"]
[EventDate "2021.04.20"]
[Round "7.131"]
[White "Pigott, Darrell N"]
[WhiteElo "1846"]
[WhiteTeam "Watford 2"]
[Black "Putar, Lara"]
[BlackElo "1899"]
[BlackTeam "St Benildus B"]
[Result "0-1"]
[PlyCount "100"]

1. e4 e6 2. d4 d5 3. Nc3 Bb4 4. e5 c5 5. a3 Bxc3+ 6. bxc3 Qa5 7. Bd2 Qa4 8. Nf3 b6 9. Bd3 Ba6 10. Qb1 Bxd3 11. cxd3 Nc6 12. dxc5 bxc5 13. O-O Nge7 14. Qd1 Qxd1 15. Rfxd1 Kd7 16. Be3 Ng6 17. Bxc5 Ngxe5 18. Nxe5+ Nxe5 19. Rab1 Rhb8 20. Rxb8 Rxb8 21. Bxa7 Rb3 22. f4 Nc6 23. Bc5 Rxc3 24. Bf8 g6 25. d4 Ne7 26. Rb1 Rc7 27. g3 Ra7 28. Rb3 Ke8 29. Rb8+ Kd7 30. Rb3 h5 31. Kg2 Kc6 32. Kf3 Nf5 33. Bc5 Ra4 34. Rd3 Kb5 35. Bb4 Kc4 36. Rc3+ Kxd4 37. Rc7 f6 38. Rc6 Kd3 39. Kf2 Nd4 40. Rc3+ Ke4 41. h3 Kf5 42. Rc5 h4 43. gxh4 Kxf4 44. Ra5 Rxa5 45. Bxa5 Ke4 46. Bd8 f5 47. a4 Nc6 48. Bb6 d4 49. a5 Nb4 50. Ke2 Kd5 0-1

[Event "4NCL Online Division 3"]
[Site "online"]
[Date "2021.04.20"]
[EventDate "2021.04.20"]
[Round "7.132"]
[White "Murray, Benjamin"]
[WhiteElo "1910"]
[WhiteTeam "St Benildus B"]
[Black "Sloan, Cecil"]
[BlackElo "1749"]
[BlackTeam "Watford 2"]
[Result "1-0"]
[PlyCount "65"]

1. e4 c5 2. c3 g6 3. d4 cxd4 4. cxd4 d5 5. e5 Bg7 6. Nc3 Nc6 7. Be3 Nh6 8. Qb3 e6 9. Nf3 Nf5 10. Bd3 Nxe3 11. fxe3 O-O 12. O-O f6 13. exf6 Bxf6 14. Rac1 Bd7 15. a3 b6 16. Qc2 Qe7 17. b4 Bg7 18. h4 Bh6 19. Rce1 Rac8 20. e4 Bg7 21. e5 Bh6 22. Qe2 Nxd4 23. Nxd4 Rxf1+ 24. Rxf1 Rxc3 25. h5 Qh4 26. Nc2 Qxh5 27. Qf2 Qxe5 28. Qf7+ Kh8 29. Qxd7 Be3+ 30. Nxe3 Qxe3+ 31. Rf2 Rxd3 32. Qe8+ Kg7 33. Qf8# 1-0

[Event "4NCL Online Division 3"]
[Site "online"]
[Date "2021.04.20"]
[EventDate "2021.04.20"]
[Round "7.133"]
[White "Hammond, Rob"]
[WhiteElo "1792"]
[WhiteTeam "Watford 2"]
[Black "Healy, John"]
[BlackElo "1885"]
[BlackTeam "St Benildus B"]
[Result "0-1"]
[PlyCount "68"]

1. e4 c5 2. Nf3 Nc6 3. d3 g6 4. g3 Bg7 5. Bg2 e5 6. O-O Nge7 7. Be3 d6 8. Qd2 O-O 9. Bh6 f6 10. Nc3 Be6 11. h4 Nd4 12. Nxd4 cxd4 13. Ne2 Rc8 14. b3 Bxh6 15. Qxh6 Rxc2 16. Nxd4 exd4 17. h5 Qd7 18. Kh2 g5 19. f4 Bh3 20. Rg1 Qg4 21. Raf1 Rxa2 22. fxg5 Bxg2 23. Rxg2 Rxg2+ 24. Kxg2 Qxg5 25. Qxg5+ fxg5 26. Ra1 Nc6 27. g4 Rf4 28. Kg3 a6 29. Ra4 Kf7 30. Rc4 Ke6 31. b4 Rxg4+ 32. Kxg4 Ne5+ 33. Kxg5 Nxc4 34. dxc4 d3 0-1

[Event "4NCL Online Division 3"]
[Site "online"]
[Date "2021.04.20"]
[EventDate "2021.04.20"]
[Round "7.134"]
[White "Putar, Leon"]
[WhiteElo "1872"]
[WhiteTeam "St Benildus B"]
[Black "Russell, Chris"]
[BlackElo "1769"]
[BlackTeam "Watford 2"]
[Result "1-0"]
[PlyCount "57"]

1. e4 e6 2. d4 d5 3. Nc3 Nf6 4. Bg5 Be7 5. e5 Nfd7 6. Bxe7 Qxe7 7. Nb5 Nf8 8. c3 a6 9. Na3 Ng6 10. Nf3 Bd7 11. Qd2 c5 12. Rc1 Nc6 13. h4 h5 14. Bd3 Rh6 15. Qg5 c4 16. Bxg6 Rxg6 17. Qxh5 Rh6 18. Qg5 Qxg5 19. Nxg5 f6 20. Nf3 Ne7 21. Nc2 Kf7 22. Ne3 g5 23. exf6 Ng6 24. Nxg5+ Kf8 25. Ng4 Rxh4 26. Rxh4 Nxh4 27. Ne5 Ba4 28. Nxe6+ Ke8 29. Nc7+ 1-0

[Event "4NCL Online Division 3"]
[Site "online"]
[Date "2021.04.20"]
[EventDate "2021.04.20"]
[Round "7.141"]
[White "Pleasants, Allan J"]
[WhiteElo "2039"]
[WhiteTeam "Wessex Some Stars C"]
[Black "Peacock, Malcolm R"]
[BlackElo "2017"]
[BlackTeam "Preston South End"]
[Result "1-0"]
[PlyCount "107"]

1. Nf3 c5 2. g3 b6 3. Bg2 Bb7 4. O-O Nf6 5. c4 g6 6. Nc3 Bg7 7. Rb1 O-O 8. a3 d6 9. d4 cxd4 10. Nxd4 Bxg2 11. Kxg2 Qd7 12. e4 Nc6 13. Nf3 Rac8 14. Qe2 Qb7 15. b3 Nd7 16. Nd5 e6 17. Nb4 Nc5 18. Nd3 Rfe8 19. Bf4 d5 20. Nxc5 bxc5 21. cxd5 exd5 22. e5 g5 23. Nxg5 Nxe5 24. Bxe5 Rxe5 25. Qg4 h6 26. Nh3 Rce8 27. Nf4 Rg5 28. Qf3 Qd7 29. Rfd1 Bd4 30. b4 Qg4 31. bxc5 Bxc5 32. Qxg4 Rxg4 33. Rxd5 Bxa3 34. Ra1 Bf8 35. Rxa7 Re7 36. Ra8 Rxf4 37. gxf4 f6 38. Rdd8 Rf7 39. Kf3 Kg7 40. f5 h5 41. Re8 Kg8 42. Rxf8+ Rxf8 43. Rxf8+ Kxf8 44. Kg3 Kg7 45. Kh4 Kh6 46. f3 Kg7 47. Kxh5 Kh7 48. Kg4 Kg7 49. Kf4 Kh6 50. Ke4 Kg5 51. h4+ Kxh4 52. Kd5 Kg3 53. Ke6 Kxf3 54. Kxf6 1-0

[Event "4NCL Online Division 3"]
[Site "online"]
[Date "2021.04.20"]
[EventDate "2021.04.20"]
[Round "7.142"]
[White "Tillotson, Carl"]
[WhiteElo "1687"]
[WhiteTeam "Preston South End"]
[Black "Marsh, Roger D W"]
[BlackElo "1955"]
[BlackTeam "Wessex Some Stars C"]
[Result "1/2-1/2"]
[PlyCount "171"]

1. e4 g6 2. Nc3 Bg7 3. d4 c6 4. Be3 d5 5. Qd2 dxe4 6. Nxe4 Nd7 7. O-O-O Ngf6 8. f3 Nxe4 9. fxe4 Nf6 10. e5 Nd5 11. Bh6 Bxh6 12. Qxh6 Qa5 13. Bc4 Be6 14. Qd2 Qxd2+ 15. Rxd2 O-O 16. Nf3 b5 17. Bb3 h6 18. Bxd5 Bxd5 19. Ne1 a5 20. Nd3 a4 21. a3 Kg7 22. Rf1 f5 23. exf6+ exf6 24. Nb4 Rad8 25. Nxd5 Rxd5 26. Rff2 Re8 27. c3 Kf7 28. Rf3 Re4 29. Rdf2 f5 30. h3 h5 31. g3 Rd8 32. Kc2 Ke6 33. Rd3 Kd5 34. b3 axb3+ 35. Kxb3 Rde8 36. Rdf3 Re3 37. Kb4 R8e4 38. Rf1 Re2 39. Kb3 Rh2 40. h4 Rhe2 41. Rc1 R4e3 42. Rxe3 Rxe3 43. Rg1 Ke4 44. Kb4 Kd5 45. Rg2 Re1 46. Kb3 Ke4 47. Rf2 Re3 48. Kb4 Rxg3 49. Re2+ Kd5 50. Re5+ Kd6 51. Re8 Rg1 52. Rg8 f4 53. Rd8+ Kc7 54. Rf8 Rg4 55. Rf7+ Kb6 56. Rf6 Rg1 57. Kb3 Rg4 58. a4 bxa4+ 59. Kxa4 f3 60. Kb3 f2 61. Rxf2 Rxh4 62. Rf6 Rg4 63. d5 h4 64. Rxc6+ Kb7 65. Rf6 h3 66. Rf7+ Kb6 67. c4 h2 68. Rh7 Rg2 69. Kc3 g5 70. Rh6+ Kc7 71. Kd4 g4 72. Kc5 g3 73. Rh7+ Kd8 74. Kd6 Ke8 75. c5 Rf2 76. c6 Rf6+ 77. Kc7 Rf7+ 78. Rxf7 Kxf7 79. d6 h1=Q 80. d7 Qh8 81. d8=Q Qxd8+ 82. Kxd8 g2 83. c7 g1=Q 84. c8=Q Qd4+ 85. Qd7+ Qxd7+ 86. Kxd7 1/2-1/2

[Event "4NCL Online Division 3"]
[Site "online"]
[Date "2021.04.20"]
[EventDate "2021.04.20"]
[Round "7.143"]
[White "Pentakota, Rajasekhar"]
[WhiteElo "1936"]
[WhiteTeam "Wessex Some Stars C"]
[Black "Tuke, David"]
[BlackElo "1680"]
[BlackTeam "Preston South End"]
[Result "1-0"]
[PlyCount "67"]

1. Nf3 Nf6 2. g3 d5 3. Bg2 c6 4. b3 g6 5. Bb2 Bg7 6. c4 O-O 7. O-O dxc4 8. bxc4 Be6 9. d3 Nh5 10. Qb3 Bc8 11. Nbd2 Nd7 12. Bxg7 Nxg7 13. d4 Nf6 14. e4 Rb8 15. Rfe1 e6 16. Qa3 a6 17. Qc1 Qd7 18. Nb3 b6 19. Qf4 Bb7 20. Qxf6 Rfc8 21. Rad1 Qc7 22. Qh4 b5 23. c5 a5 24. Ng5 h5 25. Bh3 Re8 26. e5 a4 27. Nd2 Re7 28. Nde4 Bc8 29. Nf6+ Kh8 30. Nge4 b4 31. Qg5 Nf5 32. Bxf5 Kg7 33. Nxh5+ Kf8 34. Qh6+ 1-0

[Event "4NCL Online Division 3"]
[Site "online"]
[Date "2021.04.20"]
[EventDate "2021.04.20"]
[Round "7.144"]
[White "De Santos, Andrew"]
[WhiteElo "1483"]
[WhiteTeam "Preston South End"]
[Black "Du Toit, Reenen J"]
[BlackElo "1905"]
[BlackTeam "Wessex Some Stars C"]
[Result "1/2-1/2"]
[PlyCount "139"]

1. d4 d5 2. Nf3 e6 3. c3 Nf6 4. Bg5 Be7 5. e3 b6 6. Be2 Nbd7 7. O-O c5 8. dxc5 Nxc5 9. Nbd2 O-O 10. Nd4 Bb7 11. N4b3 Nfe4 12. Bxe7 Qxe7 13. Nxe4 Nxe4 14. Nd2 Nf6 15. Bf3 Rfd8 16. g3 Ne4 17. Qc2 Ng5 18. Bg2 f5 19. Nf3 Rac8 20. Nxg5 Qxg5 21. Rfd1 Rc4 22. Rd4 Rdc8 23. Rxc4 Rxc4 24. Rd1 Qf6 25. Rd4 Rc7 26. Rd2 g5 27. a3 f4 28. exf4 gxf4 29. Qd1 Qg6 30. Rd3 h5 31. h4 Qf5 32. gxf4 Rg7 33. Rg3 Rg4 34. Rxg4+ hxg4 35. Qd2 Qh5 36. c4 Kf7 37. cxd5 exd5 38. Qc2 Qxh4 39. Qf5+ Ke7 40. Qe5+ Kd7 41. Qg7+ Kc8 42. Qf8+ Qd8 43. Qf5+ Qd7 44. Qf8+ Kc7 45. Qf6 d4 46. Qe5+ Kc8 47. Bxb7+ Kxb7 48. Qe4+ Ka6 49. Qd3+ Ka5 50. Qd2+ Ka6 51. Qd3+ Kb7 52. Qe4+ Kb8 53. Qe5+ Kc8 54. Qh8+ Qd8 55. Qe5 d3 56. Qc3+ Kb7 57. Qd2 Qd5 58. b4 Qf3 59. Qc1 Qe2 60. b5 Qf3 61. Qc3 g3 62. Qg7+ Kb8 63. Qf8+ Kc7 64. Qe7+ Kb8 65. Qd8+ Kb7 66. Qe7+ Kc8 67. Qe8+ Kc7 68. Qe7+ Kb8 69. Qe8+ Kc7 70. Qe7+ 1/2-1/2

[Event "4NCL Online Division 3"]
[Site "online"]
[Date "2021.04.20"]
[EventDate "2021.04.20"]
[Round "7.151"]
[White "Holcman, Lukasz"]
[WhiteElo "1705"]
[WhiteTeam "Crewe AOL"]
[Black "Ye, Kevin"]
[BlackElo "1968"]
[BlackTeam "Manchester Juniors A"]
[Result "0-1"]
[PlyCount "48"]

1. e4 e5 2. Nf3 Nc6 3. Bb5 a6 4. Bxc6 dxc6 5. Nc3 Bg4 6. d3 Bd6 7. h3 Bxf3 8. gxf3 Qh4 9. Be3 Ne7 10. Qe2 Ng6 11. O-O-O Nf4 12. Bxf4 Qxf4+ 13. Kb1 O-O-O 14. Qe3 Qh4 15. Rdg1 g6 16. Rg4 Qe7 17. Rgg1 Bc5 18. Qe2 Qh4 19. Rg3 Rhf8 20. Rh2 h5 21. a3 Qe7 22. b4 Bxb4 23. axb4 Qxb4+ 24. Kc1 Qxc3 0-1

[Event "4NCL Online Division 3"]
[Site "online"]
[Date "2021.04.20"]
[EventDate "2021.04.20"]
[Round "7.152"]
[White "Parry, Samuel"]
[WhiteElo "1863"]
[WhiteTeam "Manchester Juniors A"]
[Black "Hulme, David I"]
[BlackElo "1755"]
[BlackTeam "Crewe AOL"]
[Result "1/2-1/2"]
[PlyCount "116"]

1. d4 d5 2. Nc3 c5 3. e4 dxe4 4. d5 Nf6 5. Bg5 h6 6. Bxf6 exf6 7. Nxe4 Qe7 8. Qe2 f5 9. Nd6+ Kd8 10. Qxe7+ Kxe7 11. Nxc8+ Kd7 12. Bd3 Kxc8 13. Bxf5+ Kc7 14. O-O-O Bd6 15. Ne2 Nd7 16. Nc3 a6 17. Ne4 Rhe8 18. Nxd6 Kxd6 19. Bxd7 Kxd7 20. Rhe1 Kd6 21. c4 b5 22. b3 bxc4 23. bxc4 Rxe1 24. Rxe1 Rb8 25. Kc2 Rb4 26. Re4 Ra4 27. Kb3 Rb4+ 28. Kc3 a5 29. a3 Rb8 30. f4 a4 31. Kc2 Kd7 32. Re3 Kd6 33. g4 h5 34. g5 g6 35. h3 Kd7 36. f5 gxf5 37. Rf3 Ke7 38. h4 Rb7 39. Rxf5 Rb3 40. Rf6 Rxa3 41. Rh6 Rh3 42. Rxh5 Rh2+ 43. Kb1 a3 44. Rh7 Rb2+ 45. Ka1 Rg2 46. d6+ Kxd6 47. Rxf7 Rg4 48. Rh7 Ke5 49. Ka2 Kd4 50. Kxa3 Kxc4 51. Rh6 Kc3 52. g6 Rg1 53. Ka2 Rg2+ 54. Kb1 Rb2+ 55. Kc1 Ra2 56. Kb1 Rb2+ 57. Ka1 Rg2 58. Kb1 Rb2+ 1/2-1/2

[Event "4NCL Online Division 3"]
[Site "online"]
[Date "2021.04.20"]
[EventDate "2021.04.20"]
[Round "7.153"]
[White "Renegade, Richard"]
[WhiteElo "1752"]
[WhiteTeam "Crewe AOL"]
[Black "Gardiner, Ethan"]
[BlackElo "1782"]
[BlackTeam "Manchester Juniors A"]
[Result "0-1"]
[PlyCount "45"]

1. e4 e5 2. f4 d5 3. exd5 exf4 4. Nf3 Nf6 5. c4 Bf5 6. d4 c5 7. dxc6 Nxc6 8. d5 Nb4 9. Nd4 Bg6 10. a3 Qe7+ 11. Be2 Nd3+ 12. Kf1 Qe4 13. Nb5 Qxc4 14. N5c3 Bc5 15. Qa4+ Qxa4 16. Nxa4 Nxd5 17. Nxc5 Nxc5 18. Bb5+ Ke7 19. Nc3 Nxc3 20. bxc3 Nb3 21. Ra2 Nxc1 22. Rb2 Nd3 23. Bxd3 0-1

[Event "4NCL Online Division 3"]
[Site "online"]
[Date "2021.04.20"]
[EventDate "2021.04.20"]
[Round "7.154"]
[White "Jackson, Edward"]
[WhiteElo "1752"]
[WhiteTeam "Manchester Juniors A"]
[Black "Layhe, Neville"]
[BlackElo "1628"]
[BlackTeam "Crewe AOL"]
[Result "1-0"]
[PlyCount "21"]

1. e4 d5 2. exd5 Qxd5 3. Nc3 Qa5 4. d4 Nf6 5. Nf3 Bg4 6. Be2 e6 7. O-O c6 8. Ne5 Bxe2 9. Qxe2 Bd6 10. Bf4 O-O 11. Nc4 1-0

[Event "4NCL Online Division 3"]
[Site "online"]
[Date "2021.04.20"]
[EventDate "2021.04.20"]
[Round "7.161"]
[White "Hann, R Mark"]
[WhiteElo "2026"]
[WhiteTeam "Bolton and Worsley 1"]
[Black "Wood, Peter R"]
[BlackElo "1967"]
[BlackTeam "Catford Cosmonauts 3"]
[Result "1-0"]
[PlyCount "59"]

1. b3 d6 2. Bb2 Nd7 3. e3 Ngf6 4. d4 g6 5. c4 Bg7 6. Nf3 O-O 7. Nc3 c6 8. h3 e5 9. Qc2 Re8 10. O-O-O Qa5 11. g4 e4 12. Nd2 d5 13. g5 Nh5 14. cxd5 cxd5 15. b4 Qxb4 16. Nxd5 Qd6 17. Nc7 Re7 18. Nxa8 Nf8 19. Qxc8 f5 20. Bc4+ Kh8 21. Qc5 Qd8 22. Qd5 Nd7 23. Nc7 Qc8 24. Ne6 Nb6 25. Qd8+ Qxd8 26. Nxd8 Nxc4 27. Nxc4 Rc7 28. Kb1 Rxc4 29. Rc1 Rxc1+ 30. Rxc1 1-0

[Event "4NCL Online Division 3"]
[Site "online"]
[Date "2021.04.20"]
[EventDate "2021.04.20"]
[Round "7.162"]
[White "Turner, Howard"]
[WhiteElo "1885"]
[WhiteTeam "Catford Cosmonauts 3"]
[Black "Tyton, Adam"]
[BlackElo "1894"]
[BlackTeam "Bolton and Worsley 1"]
[Result "1/2-1/2"]
[PlyCount "99"]

1. e4 c6 2. Nc3 d5 3. Qf3 Nf6 4. e5 Nfd7 5. d4 e6 6. Qg3 c5 7. dxc5 Nxc5 8. Be3 Ncd7 9. Nb5 Nc6 10. Nd6+ Bxd6 11. exd6 Qf6 12. O-O-O Qg6 13. Bd3 Qxg3 14. hxg3 h6 15. c3 Nde5 16. Be2 b6 17. f4 Nd7 18. Nf3 Bb7 19. g4 O-O-O 20. f5 Nf6 21. fxe6 fxe6 22. Nd4 Nxd4 23. Bxd4 Rhg8 24. Bxf6 gxf6 25. Rxh6 Rdf8 26. Rf1 Rg7 27. Rhxf6 Rxf6 28. Rxf6 Kd7 29. g5 Kxd6 30. g6 Ke7 31. Rf7+ Rxf7 32. gxf7 Kxf7 33. Kd2 Kf6 34. Ke3 e5 35. a4 Ke6 36. b4 d4+ 37. cxd4 exd4+ 38. Kxd4 Bxg2 39. a5 Kd6 40. axb6 axb6 41. Kc4 Kc7 42. b5 Kd6 43. Bd3 Ke5 44. Be2 Bd5+ 45. Kb4 Kd4 46. Bh5 Be4 47. Be8 Bd3 48. Bc6 Bxb5 49. Kxb5 Kc3 50. Kxb6 1/2-1/2

[Event "4NCL Online Division 3"]
[Site "online"]
[Date "2021.04.20"]
[EventDate "2021.04.20"]
[Round "7.163"]
[White "Doherty, Paul"]
[WhiteElo "1747"]
[WhiteTeam "Bolton and Worsley 1"]
[Black "John, Maxamillian"]
[BlackElo "1923"]
[BlackTeam "Catford Cosmonauts 3"]
[Result "1-0"]
[PlyCount "50"]

1. d4 d5 2. c4 e6 3. Nc3 Nf6 4. cxd5 Nxd5 5. e4 Nxc3 6. bxc3 b6 7. Bd3 Bb7 8. Nf3 c5 9. Be3 Nd7 10. O-O Be7 11. Re1 O-O 12. e5 cxd4 13. cxd4 f6 14. Bc4 Bd5 15. Bxd5 exd5 16. Qb3 Nb8 17. Rac1 Na6 18. a3 Nc7 19. Rc2 Ne6 20. Rec1 g5 21. Rc6 Qd7 22. exf6 Bxf6 23. Ne5 Bxe5 24. dxe5 d4 25. Bxg5 Rac8 1-0

[Event "4NCL Online Division 3"]
[Site "online"]
[Date "2021.04.20"]
[EventDate "2021.04.20"]
[Round "7.164"]
[White "Alvares, Owen"]
[WhiteElo "1809"]
[WhiteTeam "Catford Cosmonauts 3"]
[Black "Kumar, Jamie"]
[BlackElo "1664"]
[BlackTeam "Bolton and Worsley 1"]
[Result "0-1"]
[PlyCount "198"]

1. e4 c6 2. d4 d5 3. e5 c5 4. c3 Nc6 5. Be3 Nh6 6. Bxh6 gxh6 7. Nf3 Bg4 8. Be2 e6 9. h3 Bh5 10. Nbd2 Qb6 11. Qb3 c4 12. Qxb6 axb6 13. a3 Be7 14. g4 Bg6 15. h4 Kd7 16. Rc1 f6 17. h5 Bf7 18. Nf1 Rhg8 19. Ne3 b5 20. Rg1 fxe5 21. dxe5 Bg5 22. Kd2 Bf4 23. Bd1 Nxe5 24. Nxe5+ Bxe5 25. Bc2 Rg7 26. Rcf1 Bf4 27. Ke2 Bg8 28. Bb1 Rf8 29. Nc2 Be5 30. Ke3 Bf4+ 31. Ke2 e5 32. f3 Kc6 33. Ne3 Bxe3 34. Kxe3 Kc5 35. Bf5 d4+ 36. Kd2 Re7 37. Re1 d3 38. Ra1 Be6 39. Be4 Bd5 40. Rgf1 Bxe4 41. fxe4 Ref7 42. Rf5 Rxf5 43. exf5 Kd5 44. Ke3 Rg8 45. Rg1 e4 46. Kf4 Re8 47. Ke3 Ke5 48. Rg2 Kf6 49. Rf2 Kg5 50. f6 Kxg4 51. f7 Rf8 52. Kxe4 Kxh5 53. Ke5 d2 54. Rxd2 Rxf7 55. Rh2+ Kg4 56. Rxh6 Kg5 57. Rh2 h5 58. Rg2+ Kh4 59. Ke4 Kh3 60. Rg5 h4 61. Rxb5 Kg4 62. Rd5 h3 63. Rd1 h2 64. Rh1 Kg3 65. Kd4 Kg2 66. Rxh2+ Kxh2 67. Kxc4 Kg3 68. b4 Kf4 69. a4 Ke5 70. Kc5 Rf6 71. c4 Rc6+ 72. Kb5 Kd4 73. c5 Kc3 74. Ka5 Kb3 75. Kb5 Ra6 76. a5 Rc6 77. a6 Rxa6 78. c6 Rxc6 79. Ka5 Rc4 80. b5 Rc5 81. Kb6 Kb4 82. Kxb7 Rxb5+ 83. Kc6 Kc4 84. Kd6 Rc5 85. Ke6 Kd4 86. Kd6 Kc4 87. Ke6 Rd5 88. Kf6 Kd4 89. Ke6 Ke4 90. Kf6 Re5 91. Kg6 Rf5 92. Kh6 Kf4 93. Kg6 Kg4 94. Kh6 Rg5 95. Kh7 Kf5 96. Kh6 Kf6 97. Kh7 Rg6 98. Kh8 Kf7 99. Kh7 Rf6 0-1

[Event "4NCL Online Division 4"]
[Site "online"]
[Date "2021.01.26"]
[Round "1.11"]
[White "Brozel, Sacha"]
[Black "Robinson, Brian"]
[Result "1-0"]
[WhiteElo "2310"]
[BlackElo "1717"]
[PlyCount "121"]
[EventDate "2021.01.26"]
[WhiteTeam "Barnet Knights A"]
[BlackTeam "Bishop Trojans"]

1. g3 Nf6 2. Bg2 d5 3. Nf3 Bf5 4. c4 e6 5. O-O Be7 6. cxd5 exd5 7. Qb3 Qc8 8.
Nc3 c6 9. d3 O-O 10. Re1 Nbd7 11. e4 dxe4 12. dxe4 Bg4 13. e5 Nc5 14. Qc4 Ne8
15. b4 Be6 16. Qd4 Na6 17. Rb1 Nac7 18. Bg5 f6 19. exf6 Bxf6 20. Bxf6 Nxf6 21.
Ng5 Re8 22. Rbd1 Bd5 23. Nxd5 Ncxd5 24. Bh3 Rxe1+ 25. Rxe1 Qf8 26. Be6+ Kh8 27.
Nf7+ Kg8 28. Qh4 Nc7 29. Bb3 Ncd5 30. Ng5 Re8 31. Ne6 Qf7 32. Qh3 Re7 33. Kg2
g5 34. Nxg5 Qg7 35. Qc8+ Ne8 36. Rxe7 Qxe7 37. Qe6+ Qxe6 38. Nxe6 Kf7 39. Nd8+
Kf6 40. Bxd5 cxd5 41. Nxb7 Nc7 42. Kf3 Ke5 43. Nd8 d4 44. Nc6+ Kd5 45. Nxa7 Kc4
46. Nc6 d3 47. Ne5+ Kc3 48. Nxd3 Kxd3 49. Kg4 Ke4 50. f4 Nd5 51. b5 Nf6+ 52.
Kg5 Nd7 53. Kh6 Nf6 54. b6 Kd5 55. b7 Nd7 56. Kxh7 Kc6 57. g4 Kxb7 58. g5 Kc6
59. g6 Nf6+ 60. Kg7 Nh5+ 61. Kf7 1-0

[Event "4NCL Online Division 4"]
[Site "online"]
[Date "2021.01.26"]
[Round "1.12"]
[White "Smith, Peter J"]
[Black "Rasalingam, Haran"]
[Result "0-1"]
[WhiteElo "1645"]
[BlackElo "2087"]
[PlyCount "58"]
[EventDate "2021.01.26"]
[WhiteTeam "Bishop Trojans"]
[BlackTeam "Barnet Knights A"]

1. h3 e5 2. a3 d5 3. d3 Nf6 4. c3 Nc6 5. Qc2 Bf5 6. g4 Bg6 7. g5 Nd7 8. Bg2 Nb6
9. h4 Bc5 10. Nd2 Qd7 11. e4 dxe4 12. dxe4 Bh5 13. Ngf3 O-O 14. Nf1 f5 15. gxf6
Rxf6 16. N1h2 Raf8 17. b4 Bxf3 18. Nxf3 Qg4 19. Bg5 Qxg2 20. O-O-O Rxf3 21.
bxc5 Nc4 22. Be3 Nxe3 23. Qb3+ Kh8 24. fxe3 Qf2 25. Rd2 Qxe3 26. Kc2 Nd4+ 27.
cxd4 Qxb3+ 28. Kc1 Rf1+ 29. Rxf1 Rxf1+ 0-1

[Event "4NCL Online Division 4"]
[Site "online"]
[Date "2021.01.26"]
[Round "1.13"]
[White "Kesterson, Kennan"]
[Black "Bainbridge, Bryan J"]
[Result "1-0"]
[WhiteElo "2006"]
[BlackElo "1546"]
[PlyCount "129"]
[EventDate "2021.01.26"]
[WhiteTeam "Barnet Knights A"]
[BlackTeam "Bishop Trojans"]

1. e4 e6 2. d4 a6 3. Nf3 b5 4. Bd3 h6 5. c3 Bb7 6. Be3 Nf6 7. Nbd2 Ng4 8. Bf4
Nf6 9. O-O c5 10. Qe2 cxd4 11. cxd4 Be7 12. Rac1 O-O 13. h3 d6 14. Bh2 Nc6 15.
Rfe1 Rc8 16. a3 e5 17. dxe5 dxe5 18. Nxe5 Bd6 19. Nxc6 Bxh2+ 20. Kxh2 Rxc6 21.
e5 Nd5 22. Be4 Rxc1 23. Rxc1 Nf4 24. Qe3 Bxe4 25. Nxe4 Ne6 26. Nd6 Qd7 27. f4
f6 28. f5 fxe5 29. Qxe5 Ng5 30. h4 Nf7 31. Nxf7 Rxf7 32. Qe6 Qxe6 33. fxe6 Re7
34. Rc8+ Kh7 35. Rc6 a5 36. Rb6 b4 37. axb4 axb4 38. Rxb4 Rxe6 39. h5 Kg8 40.
Kg3 Kf7 41. Kf4 Kf6 42. g4 Re2 43. Rb6+ Kf7 44. b4 Rf2+ 45. Ke3 Rg2 46. Kf3 Rg1
47. b5 Rf1+ 48. Ke2 Rg1 49. Kf3 Rf1+ 50. Ke4 Rg1 51. Kf5 Rf1+ 52. Ke5 Re1+ 53.
Kd6 Re4 54. Rb7+ Kf6 55. b6 Rxg4 56. Rc7 Rg5 57. b7 Rb5 58. Kc6 Rb1 59. Rc8
Rc1+ 60. Kd5 Rd1+ 61. Ke4 Rb1 62. b8=Q Rxb8 63. Rxb8 Kg5 64. Rb5+ Kf6 65. Kf4
1-0

[Event "4NCL Online Division 4"]
[Site "online"]
[Date "2021.01.26"]
[Round "1.14"]
[White "Berry, Robert"]
[Black "Vaidya, Raghav"]
[Result "1/2-1/2"]
[WhiteElo "1520"]
[BlackElo "1818"]
[PlyCount "100"]
[EventDate "2021.01.26"]
[WhiteTeam "Bishop Trojans"]
[BlackTeam "Barnet Knights A"]

1. c4 c5 2. Nc3 g6 3. d3 Bg7 4. Bd2 Nc6 5. g3 d6 6. Bg2 Rb8 7. e3 e6 8. Nge2
Nge7 9. O-O O-O 10. Rb1 a6 11. a3 b5 12. cxb5 axb5 13. Na2 Bb7 14. b4 cxb4 15.
Nxb4 Nxb4 16. Bxb4 Bxg2 17. Kxg2 Nd5 18. Qb3 Qb6 19. d4 Qc6 20. Kg1 Nxb4 21.
Qxb4 Qc4 22. Nc3 Rfc8 23. Nxb5 Qd5 24. a4 Bf8 25. Rfc1 Qe4 26. Rxc8 Rxc8 27.
Ra1 Rc2 28. Qe1 Qf3 29. a5 Bh6 30. a6 Rxf2 31. Qxf2 Bxe3 32. Rf1 Bxf2+ 33. Rxf2
Qd1+ 34. Kg2 Qa4 35. a7 Qa6 36. Rf3 Qa2+ 37. Kh3 Qd5 38. Ra3 Qh5+ 39. Kg2 Qe2+
40. Kh3 Qf1+ 41. Kh4 Qf6+ 42. Kh3 Qf1+ 43. Kh4 Qf5 44. a8=Q+ Kg7 45. g4 Qf2+
46. Rg3 Qxh2+ 47. Rh3 Qf2+ 48. Rg3 Qh2+ 49. Rh3 Qf2+ 50. Rg3 Qh2+ 1/2-1/2

[Event "4NCL Online Division 4"]
[Site "online"]
[Date "2021.01.26"]
[Round "1.21"]
[White "Johnson, Paul A"]
[Black "Mackle, Dominic"]
[Result "0-1"]
[WhiteElo "1797"]
[BlackElo "2152"]
[PlyCount "116"]
[EventDate "2021.01.26"]
[WhiteTeam "Bradford DCA Knights B"]
[BlackTeam "Hackney Thirsty"]

1. d4 d5 2. Nf3 Nc6 3. Bf4 Bg4 4. e3 e6 5. Be2 Bd6 6. Bg3 Nf6 7. Nbd2 O-O 8. c3
Qe7 9. Ne5 Bxe2 10. Qxe2 Bxe5 11. dxe5 Nd7 12. f4 f6 13. exf6 Qxf6 14. O-O Nb6
15. Nf3 Qf5 16. Nd4 Nxd4 17. exd4 Nc4 18. Rae1 Rae8 19. Bh4 h5 20. Bg5 g6 21.
h3 Nd6 22. g4 hxg4 23. hxg4 Qf7 24. Qg2 Qg7 25. Re3 Ne4 26. Bh4 Qh6 27. Rxe4
dxe4 28. Bg5 Qg7 29. Qxe4 c6 30. Rf2 Kf7 31. Bh4 Rh8 32. Rh2 Kg8 33. c4 Kf7 34.
Kf2 g5 35. fxg5 Qg6 36. Qe2 Rd8 37. Qd2 Ke8 38. Kg3 Rd7 39. Re2 Kd8 40. d5 exd5
41. Qf4 Kc8 42. cxd5 Rxd5 43. Re7 Qd6 44. Qxd6 Rxd6 45. Re3 Rd1 46. g6 Rd6 47.
g7 Rg8 48. Re7 Rg6 49. Kf4 R6xg7 50. Rxg7 Rxg7 51. Bf6 Rg8 52. g5 Kd7 53. Kf5
c5 54. g6 b5 55. g7 a5 56. Kg6 Ke6 57. Bd8 Rxd8 58. Kh7 Kf7 0-1

[Event "4NCL Online Division 4"]
[Site "online"]
[Date "2021.01.26"]
[Round "1.22"]
[White "Domanski, Lukasz"]
[Black "Dean, Robert A"]
[Result "1-0"]
[WhiteElo "2002"]
[BlackElo "1807"]
[PlyCount "51"]
[EventDate "2021.01.26"]
[WhiteTeam "Hackney Thirsty"]
[BlackTeam "Bradford DCA Knights B"]

1. e4 e6 2. d4 d5 3. exd5 exd5 4. Nf3 Bg4 5. h3 Bh5 6. Qe2+ Qe7 7. Be3 Nc6 8.
Nc3 O-O-O 9. O-O-O Nf6 10. g4 Bg6 11. Ne5 Nb4 12. a3 Na6 13. Nc6 bxc6 14. Qxa6+
Kd7 15. Nb5 Qe4 16. Bd3 Qf3 17. Nxa7 Bd6 18. Nxc6 Bxd3 19. cxd3 Ra8 20. Qb5 Kc8
21. Rhe1 h6 22. Kb1 Qxh3 23. Rc1 g5 24. Ne5 Rh7 25. Qc6 Rb8 26. Qxd6 1-0